Statistics for Oscar Winner for Acting

Click here to take the quiz!

General Stats

  • This quiz has been taken 1,043 times
    (721 since last reset)
  • The average score is 244 of 338

Answer Stats

HintAnswer% Correct
1983 Best Supp. ActorTerms of EndearmentJack Nicholson
96%
1997 Best ActorAs Good As It GetsJack Nicholson
96%
1975 Best ActorOne Flew Over the Cuckoo's NestJack Nicholson
96%
1987 Best ActorWall StreetMichael Douglas
93%
2011 Best ActressThe Iron LadyMeryl Streep
93%
1979 Best Supp. ActressKramer vs. KramerMeryl Streep
93%
1988 Best ActorRain ManDustin Hoffman
93%
1979 Best ActorKramer vs. KramerDustin Hoffman
93%
1982 Best ActressSophie's ChoiceMeryl Streep
93%
1981 Best ActressOn Golden PondKatharine Hepburn
92%
2012 Best ActorLincolnDaniel Day-Lewis
92%
1994 Best ActorForrest GumpTom Hanks
92%
2000 Best ActressErin BrockovichJulia Roberts
92%
1967 Best ActressGuess Who's Coming to Dinner?Katharine Hepburn
92%
1954 Best ActorOn the WaterfrontMarlon Brando
92%
2007 Best ActorThere Will Be BloodDaniel Day-Lewis
92%
1968 Best Actress (tie)The Lion in WinterKatharine Hepburn
92%
1993 Best ActorPhiladelphiaTom Hanks
92%
1932-33 Best ActressMorning GloryKatharine Hepburn
92%
1972 Best ActorThe GodfatherMarlon Brando
92%
1989 Best ActorMy Left FootDaniel Day-Lewis
92%
2005 Best ActorCapotePhilip Seymour Hoffman
92%
1953 Best ActressRoman HolidayAudrey Hepburn
91%
2001 Best ActorTraining DayDenzel Washington
91%
1974 Best Supp. ActorThe Godfather Part IIRobert DeNiro
91%
1980 Best ActorRaging BullRobert DeNiro
91%
1989 Best Supp. ActorGloryDenzel Washington
91%
1993 Best Supp. ActorThe FugitiveTommy Lee Jones
90%
1998 Best ActressShakespeare in LoveGwyneth Paltrow
89%
1999 Best ActressBoys Don't CryHilary Swank
88%
1979 Best Supp. ActorBeing ThereMelvyn Douglas
88%
1963 Best Supp. ActorHudMelvyn Douglas
88%
1997 Best ActressAs Good As It GetsHelen Hunt
88%
1991 Best ActressThe Silence of the LambsJodie Foster
88%
2008 Best ActorMilkSean Penn
88%
2003 Best ActorMystic RiverSean Penn
88%
1966 Best ActressWho's Afraid of Virginia Woolf?Elizabeth Taylor
88%
2004 Best ActressMillion Dollar BabyHilary Swank
88%
1988 Best ActressThe AccusedJodie Foster
88%
1960 Best ActressButterfield 8Elizabeth Taylor
88%
1992 Best ActorScent of a WomanAl Pacino
87%
2004 Best ActorRayJamie Foxx
87%
1943 Best ActressThe Song of BernadetteJennifer Jones
87%
2004 Best Supp. ActressThe AviatorCate Blanchett
87%
1981 Best ActorOn Golden PondHenry Fonda
87%
1938 Best ActressJezebelBette Davis
87%
1988 Best Supp. ActressThe Accidental TouristGeena Davis
87%
1935 Best ActressDangerousBette Davis
87%
2013 Best ActressBlue JasmineCate Blanchett
87%
2002 Best ActressThe HoursNicole Kidman
86%
1971 Best ActressKluteJane Fonda
86%
1960 Best Supp. ActressElmer GantryShirley Jones
86%
1978 Best ActressComing HomeJane Fonda
86%
1991 Best ActorThe Silence of the LambsAnthony Hopkins
86%
1939 Best ActressGone With the WindVivien Leigh
85%
1997 Best Supp. ActorGood Will HuntingRobin Williams
85%
1983 Best Supp. ActressThe Year of Living DangerouslyLinda Hunt
85%
1986 Best Supp. ActorHannah and Her SistersMichael Caine
85%
2002 Best ActorThe PianistAdrien Brody
85%
1977 Best ActressAnnie HallDiane Keaton
85%
1971 Best ActorThe French ConnectionGene Hackman
85%
2001 Best ActressMonster's BallHalle Berry
85%
1951 Best ActressA Streetcar Named DesireVivien Leigh
85%
1995 Best ActorLeaving Las VegasNicolas Cage
85%
1999 Best Supp. ActorThe Cider House RulesMichael Caine
85%
1992 Best Supp. ActorUnforgivenGene Hackman
85%
1995 Best Supp. ActorThe Usual SuspectsKevin Spacey
84%
1999 Best ActorAmerican BeautyKevin Spacey
84%
1990 Best ActressMiseryKathy Bates
84%
2006 Best ActressThe QueenHelen Mirren
84%
2014 Best ActressStill AliceJulianne Moore
84%
1982 Best ActorGandhiBen Kingsley
84%
1973 Best ActorSave the TigerJack Lemmon
83%
2003 Best ActressMonsterCharlize Theron
83%
1987 Best ActressMoonstruckCher
83%
2002 Best Supp. ActorAdaptationChris Cooper
83%
1955 Best Supp. ActorMister RobertsJack Lemmon
83%
2008 Best ActressThe ReaderKate Winslet
83%
1976 Best ActressNetworkFaye Dunaway
83%
1998 Best Supp. ActressShakespeare in LoveJudi Dench
83%
1964 Best ActressMary PoppinsJulie Andrews
83%
1979 Best ActressNorma RaeSally Field
83%
1984 Best ActressPlaces in the HeartSally Field
83%
2009 Best ActressThe Blind SideSandra Bullock
83%
2000 Best ActorGladiatorRussell Crowe
83%
1969 Best ActorTrue GritJohn Wayne
83%
1986 Best ActorThe Color of MoneyPaul Newman
83%
1934 Best ActorIt Happened One NightClark Gable
83%
2005 Best ActressWalk the LineReese Witherspoon
83%
2005 Best Supp. ActorSyrianaGeorge Clooney
83%
1948 Best ActorHamletLaurence Olivier
83%
2004 Best Supp. ActorMillion Dollar BabyMorgan Freeman
83%
2015 Best ActorThe RevenantLeonardo DiCaprio
83%
1969 Best ActressThe Prime of Miss Jean BrodieMaggie Smith
82%
1962 Best ActorTo Kill a MockingbirdGregory Peck
82%
1978 Best Supp. ActressCalifornia SuiteMaggie Smith
82%
1963 Best ActorLilies of the FieldSidney Poitier
82%
1941 Best ActorSergeant YorkGary Cooper
82%
1989 Best ActressDriving Miss DaisyJessica Tandy
82%
1940 Best ActorThe Philadelphia StoryJames Stewart
82%
1951 Best ActorThe African QueenHumphrey Bogart
82%
1990 Best Supp. ActressGhostWhoopi Goldberg
82%
1952 Best ActorHigh NoonGary Cooper
82%
2014 Best ActorThe Theory of EverythingEddie Redmayne
82%
1995 Best ActressDead Man WalkingSusan Sarandon
81%
1982 Best Supp. ActressTootsieJessica Lange
81%
1998 Best ActorLife Is BeautifulRoberto Benigni
81%
1938 Best ActorBoys TownSpencer Tracy
81%
1990 Best Supp. ActorGoodFellasJoe Pesci
81%
1994 Best ActressBlue SkyJessica Lange
81%
1937 Best ActorCaptains CourageousSpencer Tracy
81%
1968 Best Actress (tie)Funny GirlBarbra Streisand
81%
1990 Best ActorReversal of FortuneJeremy Irons
80%
1993 Best ActressThe PianoHolly Hunter
80%
1999 Best Supp. ActressGirl, InterruptedAngelina Jolie
80%
2002 Best Supp. ActressChicagoCatherine Zeta-Jones
80%
2006 Best ActorThe Last King of ScotlandForest Whitaker
80%
2007 Best Supp. ActorNo Country for Old MenJavier Bardem
79%
1978 Best ActorComing HomeJon Voight
79%
1970 Best ActorPattonGeorge C. Scott
79%
1951 Best Supp. ActressA Streetcar Named DesireKim Hunter
79%
2010 Best ActressBlack SwanNatalie Portman
78%
1996 Best ActressFargoFrances McDormand
78%
1975 Best ActressOne Flew Over the Cuckoo's NestLouise Fletcher
78%
1992 Best ActressHowards EndEmma Thompson
78%
1972 Best ActressCabaretLiza Minnelli
78%
2012 Best ActressSilver Linings PlaybookJennifer Lawrence
78%
2010 Best ActorThe King's SpeechColin Firth
78%
2003 Best Supp. ActressCold MountainRenee Zellweger
77%
1974 Best Supp. ActressMurder on the Orient ExpressIngrid Bergman
77%
1956 Best ActressAnastasiaIngrid Bergman
77%
1996 Best ActorShineGeoffrey Rush
77%
1954 Best ActressThe Country GirlGrace Kelly
77%
1980 Best ActressCoal Miner's DaughterSissy Spacek
77%
2009 Best ActorCrazy HeartJeff Bridges
77%
1944 Best ActressGaslightIngrid Bergman
77%
1946 Best ActressTo Each His OwnOlivia de Havilland
76%
1945 Best ActressMildred PierceJoan Crawford
76%
1949 Best ActressThe HeiressOlivia de Havilland
76%
1985 Best Supp. ActressPrizzi's HonorAnjelica Huston
76%
1959 Best ActorBen-HurCharlton Heston
76%
1987 Best Supp. ActorThe UntouchablesSean Connery
76%
1996 Best Supp. ActorJerry MaguireCuba Gooding Jr.
76%
1942 Best ActorYankee Doodle DandyJames Cagney
75%
1973 Best ActressA Touch of ClassGlenda Jackson
75%
1970 Best ActressWomen in LoveGlenda Jackson
75%
1992 Best Supp. ActressMy Cousin VinnyMarisa Tomei
75%
2006 Best Supp. ActressDreamgirlsJennifer Hudson
75%
1964 Best ActorMy Fair LadyRex Harrison
75%
2007 Best ActressLa Vie En RoseMarion Cotillard
75%
1976 Best ActorNetworkPeter Finch
75%
2001 Best Supp. ActressA Beautiful MindJennifer Connelly
75%
1949 Best ActorAll the King's MenBroderick Crawford
74%
1960 Best ActorElmer GantryBurt Lancaster
74%
1948 Best Supp. ActorThe Treasure of the Sierra MadreWalter Huston
74%
1983 Best ActorTender MerciesRobert Duvall
74%
2008 Best Supp. ActressVicky Cristina BarcelonaPenelope Cruz
73%
1974 Best ActressAlice Doesn't Live Here AnymoreEllen Burstyn
72%
1957 Best ActorThe Bridge on the River KwaiAlec Guinness
72%
1941 Best ActressSuspicionJoan Fontaine
72%
1962 Best ActressThe Miracle WorkerAnne Bancroft
72%
2003 Best Supp. ActorMystic RiverTim Robbins
72%
1977 Best ActorThe Goodbye GirlRichard Dreyfuss
72%
2008 Best Supp. ActorThe Dark KnightHeath Ledger
72%
1969 Best Supp. ActressCactus FlowerGoldie Hawn
72%
1985 Best ActorKiss of the Spider WomanWilliam Hurt
72%
1984 Best ActorAmadeusF. Murray Abraham
71%
1961 Best ActressTwo WomenSophia Loren
71%
1953 Best Supp. ActorFrom Here to EternityFrank Sinatra
71%
1956 Best ActorThe King and IYul Brynner
71%
2000 Best Supp. ActorTrafficBenicio del Toro
71%
1997 Best Supp. ActressL.A. ConfidentialKim Basinger
71%
1934 Best ActressIt Happened One NightClaudette Colbert
71%
1965 Best ActorCat BallouLee Marvin
71%
1973 Best Supp. ActressPaper MoonTatum O'Neal
70%
2005 Best Supp. ActressThe Constant GardenerRachel Weisz
70%
1946 Best ActorThe Best Years of Our LivesFredric March
70%
2009 Best Supp. ActorInglourious BasterdsChristoph Waltz
70%
1942 Best ActressMrs. MiniverGreer Garson
70%
1978 Best Supp. ActorThe Deer HunterChristopher Walken
70%
2010 Best Supp. ActorThe FighterChristian Bale
70%
1940 Best ActressKitty FoyleGinger Rogers
70%
2011 Best Supp. ActorBeginnersChristopher Plummer
70%
2012 Best Supp. ActorDjango UnchainedChristoph Waltz
70%
1931-32 Best ActressThe Sin of Madelon ClaudetHelen Hayes
70%
1931-32 Best Actor (tie)Dr. Jeckyll & Mr. HydeFredric March
70%
2014 Best Supp. ActorWhiplashJ.K. Simmons
70%
1988 Best Supp. ActorA Fish Called WandaKevin Kline
70%
1970 Best Supp. ActressAirportHelen Hayes
70%
2015 Best ActressRoomBrie Larson
70%
1928-29 Best ActressCoquetteMary Pickford
70%
1974 Best ActorHarry and TontoArt Carney
70%
2006 Best Supp. ActorLittle Miss SunshineAlan Arkin
70%
1983 Best ActressTerms of EndearmentShirley MacLaine
69%
1957 Best ActressThe Three Faces of EveJoanne Woodward
69%
1944 Best Supp. ActressNone But the Lonely HeartEthel Barrymore
69%
2012 Best Supp. ActressLes MiserablesAnne Hathaway
68%
2013 Best Supp. ActorDallas Buyers ClubJared Leto
68%
1930-31 Best ActorA Free SoulLionel Barrymore
68%
1944 Best ActorGoing My WayBing Crosby
68%
1947 Best ActressThe Farmer's DaughterLoretta Young
68%
1958 Best ActorSeparate TablesDavid Niven
68%
1993 Best Supp. ActressThe PianoAnna Paquin
68%
1950 Best ActorCyrano de BergeracJose Ferrer
68%
1927-28 Best ActressSeventh Heaven; Street Angel; SunriseJanet Gaynor
67%
2011 Best ActorThe ArtistJean Dujardin
67%
1994 Best Supp. ActressBullets Over BroadwayDianne Wiest
67%
1965 Best ActressDarlingJulie Christie
67%
2013 Best Supp. Actress12 Years a SlaveLupita N'Yongo
67%
1986 Best Supp. ActressHanah and Her SistersDianne Wiest
67%
2013 Best ActorDallas Buyers ClubMatthew McConaughey
67%
1961 Best Supp. ActressWest Side StoryRita Moreno
67%
1956 Best Supp. ActorLust for LifeAnthony Quinn
67%
1961 Best ActorJudgment at NurembergMaximilian Schell
67%
1952 Best Supp. ActorViva Zapata!Anthony Quinn
67%
1953 Best ActorStalag 17William Holden
67%
1955 Best ActorMartyErnest Borgnine
67%
1958 Best ActressI Want to Live!Susan Hayward
67%
1972 Best Supp. ActorCabaretJoel Grey
66%
1969 Best Supp. ActorThey Shoot Horses, Don't They?Gig Young
66%
1967 Best ActorIn the Heat of the NightRod Steiger
66%
1966 Best Supp. ActorThe Fortune CookieWalter Matthau
66%
1939 Best Supp. ActressGone With the WindHattie McDaniel
66%
1964 Best Supp. ActorTopkapiPeter Ustinov
66%
1960 Best Supp. ActorSpartacusPeter Ustinov
66%
1986 Best ActressChildren of a Lesser GodMarlee Matlin
66%
1963 Best ActressHudPatricia Neal
66%
2010 Best Supp. ActressThe FighterMelissa Leo
66%
1977 Best Supp. ActressJuliaVanessa Redgrave
66%
1985 Best ActressThe Trip to BountifulGeraldine Page
66%
1939 Best ActorGoodbye, Mr. ChipsRobert Donat
66%
1994 Best Supp. ActorEd WoodMartin Landau
66%
1996 Best Supp. ActressThe English PatientJuliette Binoche
65%
2015 Best Supp. ActorBridge of SpiesMark Rylance
65%
1927-28 Best ActorThe Last Command; The Way of All FleshEmil Jannings
65%
2015 Best Supp. ActressThe Danish GirlAlicia Vikander
65%
1952 Best ActressCome Back Little ShebaShirley Booth
65%
1946 Best Supp. ActressThe Razor's EdgeAnne Baxter
65%
1948 Best ActressJohnny BelindaJane Wyman
65%
1937 Best ActressThe Good EarthLuise Rainer
65%
1936 Best ActressThe Great ZiegfeldLuise Rainer
65%
1930-31 Best ActressMin and BillMarie Dressler
64%
1932-33 Best ActorThe Private Life of Henry VIIICharles Laughton
64%
1991 Best Supp. ActorCity SlickersJack Palance
64%
2007 Best Supp. ActressMichael ClaytonTilda Swinton
64%
1936 Best Supp. ActorCome and Get ItWalter Brennan
64%
1977 Best Supp. ActorJuliaJason Robards
64%
1976 Best Supp. ActorAll the President's MenJason Robards
64%
2001 Best Supp. ActorIrisJim Broadbent
64%
1968 Best ActorCharlyCliff Robertson
64%
1938 Best Supp. ActorKentuckyWalter Brennan
64%
1940 Best Supp. ActorThe WesternerWalter Brennan
64%
1928-29 Best ActorIn Old ArizonaWarner Baxter
64%
1945 Best ActorThe Lost WeekendRay Milland
64%
1966 Best ActorA Man for All SeasonsPaul Scofield
63%
1954 Best Supp. ActressOn the WaterfrontEva Marie Saint
63%
2000 Best Supp. ActressPollockMarcia Gay Harden
63%
1995 Best Supp. ActressMighty AphroditeMira Sorvino
63%
1959 Best ActressRoom at the TopSimone Signoret
63%
1975 Best Supp. ActressShampooLee Grant
63%
1931-32 Best Actor (tie)The ChampWallace Beery
63%
1929-30 Best ActressThe DivorceeNorma Shearer
63%
2009 Best Supp. ActressPreciousMo'Nique
62%
1947 Best ActorA Double LifeRonald Colman
62%
1951 Best Supp. ActorA Streetcar Named DesireKarl Malden
62%
1936 Best ActorThe Story of Louis PasteurPaul Muni
62%
2014 Best Supp. ActressBoyhoodPatricia Arquette
62%
2011 Best Supp. ActressThe HelpOctavia Spencer
62%
1989 Best Supp. ActressMy Left FootBrenda Fricker
62%
1971 Best Supp. ActressThe Last Picture ShowCloris Leachman
62%
1998 Best Supp. ActorAfflictionJames Coburn
62%
1980 Best Supp. ActorOrdinary PeopleTimothy Hutton
62%
1975 Best Supp. ActorThe Sunshine BoysGeorge Burns
61%
1959 Best Supp. ActressThe Diary of Anne FrankShelley Winters
61%
1991 Best Supp. ActressThe Fisher KingMercedes Ruehl
61%
1987 Best Supp. ActressMoonstruckOlympia Dukakis
61%
1950 Best ActressBorn YesterdayJudy Holliday
61%
1965 Best Supp. ActressA Patch of BlueShelley Winters
61%
1955 Best ActressThe Rose TattooAnna Magnani
60%
1962 Best Supp. ActressThe Miracle WorkerPatty Duke
60%
1961 Best Supp. ActorWest Side StoryGeorge Chakiris
60%
1929-30 Best ActorDisraeliGeorge Arliss
60%
1943 Best Supp. ActorThe More the MerrierCharles Coburn
60%
1971 Best Supp. ActorThe Last Picture ShowBen Johnson
59%
1966 Best Supp. ActressWho's Afraid of Virginia Woolf?Sandy Dennis
59%
1967 Best Supp. ActorCool Hand LukeGeorge Kennedy
58%
1946 Best Supp. ActorThe Best Years of Our LivesHarold Russell
58%
1942 Best Supp. ActressMrs. MiniverTeresa Wright
57%
1981 Best Supp. ActorArthurJohn Gielgud
57%
1976 Best Supp. ActressNetworkBeatrice Straight
57%
1953 Best Supp. ActressFrom Here to EternityDonna Reed
57%
1943 Best ActorWatch on the RhinePaul Lukas
56%
1980 Best Supp. ActressMelvin and HowardMary Steenburgen
56%
1984 Best Supp. ActressA Passage to IndiaPeggy Ashcroft
56%
1968 Best Supp. ActressRosemary's BabyRuth Gordon
56%
1963 Best Supp. ActressThe V.I.P.'sMargaret Rutherford
56%
1982 Best Supp. ActorAn Officer and a GentlemanLouis Gossett Jr.
55%
1941 Best Supp. ActorHow Green Was My ValleyDonald Crisp
55%
1967 Best Supp. ActressBonnie and ClydeEstelle Parsons
55%
1943 Best Supp. ActressFor Whom the Bell TollsKatina Paxinou
55%
1985 Best Supp. ActorCocoonDon Ameche
55%
1981 Best Supp. ActressRedsMaureen Stapleton
54%
1938 Best Supp. ActressJezebelFay Bainter
54%
1949 Best Supp. ActressAll the King's MenMercedes McCambridge
54%
1972 Best Supp. ActressButterflies Are FreeEileen Heckart
53%
1973 Best Supp. ActorThe Paper ChaseJohn Houseman
53%
1970 Best Supp. ActorRyan's DaughterJohn Mills
53%
1935 Best ActorThe InformerVictor McLaglen
53%
1944 Best Supp. ActorGoing My WayBarry Fitzgerald
52%
1947 Best Supp. ActressGentleman's AgreementCeleste Holm
52%
1950 Best Supp. ActorAll About EveGeorge Sanders
52%
1941 Best Supp. ActressThe Great LieMary Astor
52%
1957 Best Supp. ActorSayonaraRed Buttons
52%
1984 Best Supp. ActorThe Killing FieldsHaing S. Ngor
52%
1964 Best Supp. ActressZorba the GreekLila Kedrova
52%
1936 Best Supp. ActressAnthony AdverseGale Sondergaard
51%
1950 Best Supp. ActressHarveyJosephine Hull
51%
1937 Best Supp. ActressIn Old ChicagoAlice Brady
50%
1958 Best Supp. ActorThe Big CountryBurl Ives
50%
1945 Best Supp. ActressNational VelvetAnne Revere
50%
1939 Best Supp. ActorStagecoachThomas Mitchell
50%
1956 Best Supp. ActressWritten on the WindDorothy Malone
50%
1959 Best Supp. ActorBen-HurHugh Griffith
50%
1945 Best Supp. ActorA Tree Grows in BrooklynJames Dunn
50%
1958 Best Supp. ActressSeparate TablesWendy Hiller
50%
1947 Best Supp. ActorMiracle on 34th StreetEdmund Gwenn
50%
1965 Best Supp. ActorA Thousand ClownsMartin Balsam
50%
1940 Best Supp. ActressThe Grapes of WrathJane Darwell
50%
1955 Best Supp. ActressEast of EdenJo Van Fleet
50%
1942 Best Supp. ActorJohnny EagerVan Heflin
49%
1957 Best Supp. ActressSayonaraMiyoshi Umeki
49%
1952 Best Supp. ActressThe Bad and the BeautifulGloria Grahame
48%
1949 Best Supp. ActorTwelve O'Clock HighDean Jagger
48%
1948 Best Supp. ActressKey LargoClaire Trevor
48%
1968 Best Supp. ActorThe Subject Was RosesJack Albertson
47%
1937 Best Supp. ActorThe Life of Emile ZolaJoseph Schildkraut
47%
1954 Best Supp. ActorThe Barefoot ContessaEdmond O'Brien
47%
1962 Best Supp. ActorSweet Bird of YouthEd Begley
44%

Score Distribution

Percentile by Number Answered

Percent of People with Each Score

Your Score History

You have not taken this quiz since the last reset